UM Logo

Mathematical problem solving in emergent bilingual children / (Record no. 24259)

MARC details
000 -LEADER
fixed length control field 00979nam a22002417a 4500
003 - CONTROL NUMBER IDENTIFIER
control field OSt
005 - DATE AND TIME OF LATEST TRANSACTION
control field 20260228114911.0
008 - FIXED-LENGTH DATA ELEMENTS--GENERAL INFORMATION
fixed length control field 260202b |||||||| |||| 00| 0 eng d
040 ## - CATALOGING SOURCE
Transcribing agency 0
082 ## - DEWEY DECIMAL CLASSIFICATION NUMBER
Classification number DPer 370.15 J826 May-August 2024 v. 116 n. 4-6
100 ## - MAIN ENTRY--PERSONAL NAME
Personal name Swansons H. Lee
Relator term author.
9 (RLIN) 69506
245 ## - TITLE STATEMENT
Title Mathematical problem solving in emergent bilingual children /
Statement of responsibility, etc. H. Lee Swansons, Genesis D. Arizmendi, and Jui-Teng Li.
260 ## - PUBLICATION, DISTRIBUTION, ETC. (IMPRINT)
Place of publication, distribution, etc. Washington, DC ;
Name of publisher, distributor, etc. American Psychological Association ,
Date of publication, distribution, etc. July 2024.
300 ## - PHYSICAL DESCRIPTION
Extent Volume 116, pages 657-685 :
Other physical details illustration ;
Dimensions 28 cm.
500 ## - GENERAL NOTE
General note Journal of Educational Psychology, vol. 116, no. 5, pages 657-685, May-August 2024.
650 #0 - SUBJECT ADDED ENTRY--TOPICAL TERM
Topical term or geographic name as entry element Achievement gains.
9 (RLIN) 65010
650 #0 - SUBJECT ADDED ENTRY--TOPICAL TERM
Topical term or geographic name as entry element Bilingual students.
9 (RLIN) 64987
650 #0 - SUBJECT ADDED ENTRY--TOPICAL TERM
Topical term or geographic name as entry element Elementary school students.
9 (RLIN) 64906
700 ## - ADDED ENTRY--PERSONAL NAME
Personal name Swansons H. Lee
Relator term author.
9 (RLIN) 69506
700 ## - ADDED ENTRY--PERSONAL NAME
Personal name Arezmendi, Genisis H.
Relator term author.
9 (RLIN) 69507
700 ## - ADDED ENTRY--PERSONAL NAME
Personal name Li, Jui-Teng
Relator term author.
9 (RLIN) 69508
942 ## - ADDED ENTRY ELEMENTS (KOHA)
Source of classification or shelving scheme Dewey Decimal Classification
Koha item type Periodicals
Holdings
Withdrawn status Lost status Source of classification or shelving scheme Damaged status Not for loan Collection code Home library Current library Date acquired Total Checkouts Full call number Date last seen Price effective from Koha item type Public note
    Dewey Decimal Classification     Periodicals UM Digos College - LIC UM Digos College - LIC 02/02/2026   DPer 370.15 J826 May-August 2024 v. 116 n. 4-6 02/02/2026 02/02/2026 Periodicals Periodical Article